Statistics for Former Soviet Country Shapes

Click here to take the quiz!

General Stats

  • This quiz has been taken 27 times
  • The average score is 14 of 15

Answer Stats

Answer% Correct
Estonia
100%
Moldova
100%
Russia
100%
Belarus
96%
Georgia
96%
Kazakhstan
96%
Latvia
96%
Lithuania
96%
Ukraine
96%
Armenia
92%
Azerbaijan
92%
Kyrgyzstan
92%
Tajikistan
92%
Turkmenistan
92%
Uzbekistan
92%

Score Distribution

Percentile by Number Answered

Percent of People with Each Score

Your Score History

You have not taken this quiz